| 000 | 00414 a2200133 4500 | ||
|---|---|---|---|
| 020 | _a995300742x | ||
| 082 |
_a892.956.9 _bT722r |
||
| 100 |
_aToufic, Jalal _9728 |
||
| 245 |
_aReading, Rewriting Poe's The Oval Portrait _bIn Your Dreams |
||
| 260 |
_aBeirut, Lebanon _bAshkal Alwan _c2004 |
||
| 300 |
_a36 p _bill (col) _c21 cm |
||
| 650 |
_xliteratura _xficcion _xfilosofia _zlibano (arabe) _9729 |
||
| 700 |
_aJalal Toufic _9730 |
||
| 999 |
_c150 _d150 |
||